[Event "Chess Masters Gent 2023"]
[Site "Ghent, Belgium"]
[Date "2023.07.16"]
[Round "6.7"]
[White "Grooten, Herman"]
[Black "Ruzhansky, Elias"]
[Result "1-0"]
[TimeControl "90'/40 + 30' + 30\"/M"]
[WhiteTitle "IM"]
[WhiteFideId "1000330"]
[BlackFideId "472824"]
[WhiteElo "2241"]
[BlackElo "2209"]

1. d4 {[%clk 01:30:56]} {[%emt 00:00:03]} d5 {[%clk 01:30:34]} {[%emt
00:00:26]} 2. c4 {[%clk 01:31:19]} {[%emt 00:00:07]} e6 {[%clk 01:30:56]}
{[%emt 00:00:09]} 3. Nc3 {[%clk 01:31:41]} {[%emt 00:00:07]} Nf6 {[%clk
01:31:09]} {[%emt 00:00:17]} 4. Nf3 {[%clk 01:31:39]} {[%emt 00:00:33]} Be7
{[%clk 01:31:31]} {[%emt 00:00:08]} 5. Bg5 {[%clk 01:32:01]} {[%emt 00:00:06]}
h6 {[%clk 01:31:48]} {[%emt 00:00:14]} 6. Bxf6 {[%clk 01:32:08]} {[%emt
00:00:23]} Bxf6 {[%clk 01:32:10]} {[%emt 00:00:08]} 7. e3 {[%clk 01:32:23]}
{[%emt 00:00:14]} O-O {[%clk 01:32:19]} {[%emt 00:00:21]} 8. Qd2 {[%clk
01:32:10]} {[%emt 00:00:43]} b6 {[%clk 01:31:45]} {[%emt 00:01:04]} 9. cxd5
{[%clk 01:31:14]} {[%emt 00:01:26]} exd5 {[%clk 01:31:16]} {[%emt 00:00:59]} 10.
b4 {[%clk 01:30:34]} {[%emt 00:01:10]} c6 {[%clk 01:30:31]} {[%emt 00:01:15]}
11. Rb1 {[%clk 01:29:35]} {[%emt 00:01:28]} Bf5 {[%clk 01:29:49]} {[%emt
00:01:12]} 12. Bd3 {[%clk 01:29:07]} {[%emt 00:00:58]} Bxd3 {[%clk 01:28:20]}
{[%emt 00:02:00]} 13. Qxd3 {[%clk 01:29:30]} {[%emt 00:00:07]} Qd6 {[%clk
01:14:46]} {[%emt 00:14:03]} 14. O-O {[%clk 01:29:16]} {[%emt 00:00:44]} Nd7
{[%clk 01:11:12]} {[%emt 00:04:04]} 15. b5 {[%clk 01:25:54]} {[%emt 00:03:53]}
Rfd8 {[%clk 01:06:10]} {[%emt 00:05:31]} 16. bxc6 {[%clk 01:23:57]} {[%emt
00:02:27]} Qxc6 {[%clk 01:06:31]} {[%emt 00:00:09]} 17. Rfc1 {[%clk 01:23:24]}
{[%emt 00:01:02]} Rac8 {[%clk 01:00:45]} {[%emt 00:06:15]} 18. Qb5 {[%clk
01:19:34]} {[%emt 00:04:22]} Nf8 {[%clk 00:59:10]} {[%emt 00:02:05]} 19. Ne1
{[%clk 01:18:52]} {[%emt 00:01:11]} Qb7 {[%clk 00:37:02]} {[%emt 00:22:38]} 20.
Nd3 {[%clk 01:15:38]} {[%emt 00:03:43]} Ng6 {[%clk 00:35:14]} {[%emt 00:02:18]}
21. Nb4 {[%clk 01:08:01]} {[%emt 00:08:08]} Ne7 {[%clk 00:35:31]} {[%emt
00:00:12]} 22. Ne2 {[%clk 01:07:14]} {[%emt 00:01:17]} Bg5 {[%clk 00:31:10]}
{[%emt 00:04:51]} 23. g3 {[%clk 01:06:36]} {[%emt 00:01:09]} Nf5 {[%clk
00:25:48]} {[%emt 00:05:52]} 24. Qd3 {[%clk 00:49:39]} {[%emt 00:17:27]} Qd7
{[%clk 00:24:13]} {[%emt 00:02:05]} 25. Rc3 {[%clk 00:45:35]} {[%emt 00:04:34]}
Rxc3 {[%clk 00:23:50]} {[%emt 00:00:53]} 26. Nxc3 {[%clk 00:45:31]} {[%emt
00:00:34]} Ne7 {[%clk 00:24:05]} {[%emt 00:00:14]} 27. Kg2 {[%clk 00:40:54]}
{[%emt 00:05:08]} h5 {[%clk 00:21:40]} {[%emt 00:02:55]} 28. h4 {[%clk
00:40:00]} {[%emt 00:01:24]} Bf6 {[%clk 00:21:49]} {[%emt 00:00:21]} 29. Qe2
{[%clk 00:39:56]} {[%emt 00:00:33]} g6 {[%clk 00:21:47]} {[%emt 00:00:32]} 30.
Qf3 {[%clk 00:39:50]} {[%emt 00:00:36]} Kg7 {[%clk 00:20:40]} {[%emt 00:01:37]}
31. Rc1 {[%clk 00:35:38]} {[%emt 00:04:42]} a5 {[%clk 00:16:38]} {[%emt
00:04:33]} 32. Nd3 {[%clk 00:35:55]} {[%emt 00:00:12]} Rc8 {[%clk 00:15:26]}
{[%emt 00:01:42]} 33. a4 {[%clk 00:31:51]} {[%emt 00:04:34]} Qe6 {[%clk
00:13:11]} {[%emt 00:02:45]} 34. Nf4 {[%clk 00:27:30]} {[%emt 00:04:51]} Qf5
{[%clk 00:13:13]} {[%emt 00:00:28]} 35. Qd1 {[%clk 00:27:10]} {[%emt 00:00:50]}
Rc4 {[%clk 00:08:17]} {[%emt 00:05:27]} 36. Nb5 {[%clk 00:23:53]} {[%emt
00:03:47]} Qc8 {[%clk 00:04:38]} {[%emt 00:04:08]} 37. Ne2 {[%clk 00:20:24]}
{[%emt 00:03:59]} Nf5 {[%clk 00:04:19]} {[%emt 00:00:49]} 38. Rxc4 {[%clk
00:20:06]} {[%emt 00:00:48]} Qxc4 {[%clk 00:04:07]} 39. Nec3 {[%clk 00:19:43]}
{[%emt 00:01:34]} Qc6 {[%clk 00:01:44]} {[%emt 00:02:54]} 40. Kg1 {[%clk
00:17:51]} {[%emt 00:02:21]} Ne7 {[%clk 00:00:42]} {[%emt 00:01:33]} 41. Qf3
{[%clk 00:16:54]} {[%emt 00:01:26]} Qc4 {[%clk 00:28:37]} {[%emt 00:02:36]} 42.
Qe2 {[%clk 00:42:10]} {[%emt 00:05:14]} Qc6 {[%clk 00:27:28]} {[%emt 00:01:39]}
43. Qa2 {[%clk 00:39:54]} {[%emt 00:02:46]} Kf8 {[%clk 00:19:16]} {[%emt
00:08:41]} 44. Qa3 {[%clk 00:39:29]} {[%emt 00:00:56]} Kg7 {[%clk 00:12:24]}
{[%emt 00:07:22]} 45. Qd6 {[%clk 00:38:34]} {[%emt 00:01:24]} Qc4 {[%clk
00:12:48]} {[%emt 00:00:06]} 46. Nc7 {[%clk 00:36:28]} {[%emt 00:02:37]} Qxc3
{[%clk 00:13:07]} {[%emt 00:00:10]} 47. Ne8+ {[%clk 00:36:53]} {[%emt
00:00:06]} Kf8 {[%clk 00:13:21]} {[%emt 00:00:16]} 48. Nxf6 {[%clk 00:36:51]}
{[%emt 00:00:32]} Qc1+ {[%clk 00:13:14]} {[%emt 00:00:37]} 49. Kg2 {[%clk
00:35:35]} {[%emt 00:01:46]} Qc8 {[%clk 00:12:23]} {[%emt 00:01:21]} 50. Nxd5
{[%clk 00:31:40]} {[%emt 00:04:25]} Qb7 {[%clk 00:12:46]} {[%emt 00:00:08]} 51.
e4 {[%clk 00:32:02]} {[%emt 00:00:08]} Ke8 {[%clk 00:12:43]} {[%emt 00:00:33]}
52. Nc7+ {[%clk 00:32:15]} {[%emt 00:00:17]} Kf8 {[%clk 00:13:06]} {[%emt
00:00:06]} 53. Qd8+ {[%clk 00:32:40]} {[%emt 00:00:16]} 1-0

[Event "Chess Masters Gent 2023"]
[Site "Ghent, Belgium"]
[Date "2023.07.17"]
[Round "7.1"]
[White "Laurent-Paoli, Pierre"]
[Black "Hausrath, Daniel"]
[Result "1-0"]
[TimeControl "90'/40 + 30' + 30\"/M"]
[WhiteTitle "IM"]
[BlackTitle "GM"]
[WhiteFideId "26017962"]
[BlackFideId "4617495"]
[WhiteElo "2531"]
[BlackElo "2442"]

1. e4 {[%clk 01:30:48]} {[%emt 00:00:11]} c5 {[%clk 01:30:47]} {[%emt
00:00:13]} 2. Nf3 {[%clk 01:31:13]} {[%emt 00:00:05]} d6 {[%clk 01:31:11]}
{[%emt 00:00:05]} 3. d4 {[%clk 01:31:26]} {[%emt 00:00:17]} cxd4 {[%clk
01:31:34]} {[%emt 00:00:07]} 4. Nxd4 {[%clk 01:31:52]} {[%emt 00:00:04]} Nf6
{[%clk 01:31:56]} {[%emt 00:00:08]} 5. Nc3 {[%clk 01:32:19]} {[%emt 00:00:04]}
g6 {[%clk 01:32:17]} {[%emt 00:00:08]} 6. Be3 {[%clk 01:32:13]} {[%emt
00:00:36]} Bg7 {[%clk 01:32:40]} {[%emt 00:00:07]} 7. f3 {[%clk 01:32:27]}
{[%emt 00:00:16]} O-O {[%clk 01:33:02]} {[%emt 00:00:08]} 8. Qd2 {[%clk
01:32:33]} {[%emt 00:00:24]} Nc6 {[%clk 01:33:16]} {[%emt 00:00:16]} 9. O-O-O
{[%clk 01:32:32]} {[%emt 00:00:30]} d5 {[%clk 01:31:58]} {[%emt 00:01:49]} 10.
exd5 {[%clk 01:30:45]} {[%emt 00:02:17]} Nxd5 {[%clk 01:31:51]} {[%emt
00:00:37]} 11. Nxc6 {[%clk 01:30:51]} {[%emt 00:00:24]} bxc6 {[%clk 01:32:16]}
{[%emt 00:00:05]} 12. Bd4 {[%clk 01:31:15]} {[%emt 00:00:06]} Bxd4 {[%clk
01:14:04]} {[%emt 00:18:41]} 13. Qxd4 {[%clk 01:31:37]} {[%emt 00:00:08]} Qb6
{[%clk 01:14:30]} {[%emt 00:00:04]} 14. Na4 {[%clk 01:23:01]} {[%emt 00:09:06]}
Qxd4 {[%clk 01:02:59]} {[%emt 00:12:01]} 15. Rxd4 {[%clk 01:23:25]} {[%emt
00:00:06]} e5 {[%clk 01:03:23]} {[%emt 00:00:06]} 16. Rd2 {[%clk 01:09:58]}
{[%emt 00:13:57]} Ne3 {[%clk 00:47:10]} {[%emt 00:16:44]} 17. Bd3 {[%clk
01:00:18]} {[%emt 00:10:09]} f5 {[%clk 00:40:42]} {[%emt 00:06:58]} 18. Re1
{[%clk 00:58:53]} {[%emt 00:01:56]} f4 {[%clk 00:41:05]} {[%emt 00:00:06]} 19.
Nc3 {[%clk 00:58:58]} {[%emt 00:00:25]} Re8 {[%clk 00:35:51]} {[%emt 00:05:45]}
20. Nd1 {[%clk 00:43:09]} {[%emt 00:16:19]} Nf5 {[%clk 00:31:02]} {[%emt
00:05:19]} 21. Rde2 {[%clk 00:41:41]} {[%emt 00:01:58]} Nh4 {[%clk 00:29:21]}
{[%emt 00:02:11]} 22. Be4 {[%emt 00:13:22]} Ba6 {[%clk 00:22:52]} 23. Bxc6
{[%clk 00:34:04]} {[%emt 00:02:14]} Bxe2 {[%clk 00:23:15]} {[%emt 00:00:07]} 24.
Rxe2 {[%clk 00:33:56]} {[%emt 00:00:39]} Rac8 {[%clk 00:22:30]} {[%emt
00:01:15]} 25. Bxe8 {[%clk 00:34:20]} {[%emt 00:00:05]} Rxe8 {[%clk 00:22:57]}
{[%emt 00:00:04]} 26. Nc3 {[%clk 00:34:15]} {[%emt 00:00:34]} Kg7 {[%clk
00:21:27]} {[%emt 00:01:59]} 27. Ne4 {[%clk 00:30:07]} {[%emt 00:04:39]} h6
{[%clk 00:16:44]} {[%emt 00:05:13]} 28. Rd2 {[%clk 00:29:42]} {[%emt 00:00:55]}
Re7 {[%clk 00:16:59]} {[%emt 00:00:14]} 29. b4 {[%clk 00:28:51]} {[%emt
00:01:21]} g5 {[%clk 00:13:14]} {[%emt 00:04:15]} 30. Kb2 {[%clk 00:25:11]}
{[%emt 00:04:11]} Kg6 {[%clk 00:12:21]} {[%emt 00:01:23]} 31. c4 {[%clk
00:22:37]} {[%emt 00:03:04]} Nf5 {[%clk 00:09:57]} {[%emt 00:02:53]} 32. c5
{[%clk 00:22:31]} {[%emt 00:00:37]} Nd4 {[%clk 00:10:04]} {[%emt 00:00:23]} 33.
Kc3 {[%clk 00:21:04]} {[%emt 00:01:57]} Kf5 {[%clk 00:09:54]} {[%emt 00:00:39]}
34. h3 {[%clk 00:19:35]} {[%emt 00:01:59]} h5 {[%clk 00:09:35]} {[%emt
00:00:49]} 35. Nf2 {[%clk 00:12:12]} {[%emt 00:07:54]} a5 {[%clk 00:03:00]}
{[%emt 00:07:06]} 36. a3 {[%clk 00:12:41]} {[%emt 00:00:01]} axb4+ {[%clk
00:02:20]} {[%emt 00:01:09]} 37. axb4 {[%clk 00:13:08]} {[%emt 00:00:04]} Ra7
{[%clk 00:02:45]} {[%emt 00:00:05]} 38. Kc4 {[%clk 00:11:58]} {[%emt 00:01:40]}
Ra1 {[%clk 00:02:05]} {[%emt 00:01:10]} 39. Kd5 {[%clk 00:10:38]} {[%emt
00:01:50]} Ra4 {[%clk 00:00:35]} {[%emt 00:02:00]} 40. c6 {[%clk 00:06:23]}
{[%emt 00:04:46]} Nxc6 {[%clk 00:00:52]} {[%emt 00:00:13]} 41. Kxc6 {[%clk
00:06:48]} {[%emt 00:00:05]} Rxb4 {[%clk 00:01:16]} {[%emt 00:00:06]} 42. Kc5
{[%clk 00:05:24]} {[%emt 00:01:53]} Rb3 {[%emt 00:13:44]} 43. Rd6 {[%clk
00:30:44]} g4 {[%clk 00:22:27]} {[%emt 00:01:14]} 44. hxg4 {[%clk 00:30:35]}
{[%emt 00:00:39]} hxg4 {[%clk 00:22:55]} {[%emt 00:00:02]} 45. Nxg4 {[%clk
00:30:11]} {[%emt 00:00:54]} Rc3+ {[%clk 00:22:09]} {[%emt 00:01:17]} 46. Kb4
{[%clk 00:26:51]} {[%emt 00:03:50]} Rc2 {[%clk 00:21:47]} {[%emt 00:00:51]} 47.
Rd5 {[%clk 00:25:00]} {[%emt 00:02:21]} Kg5 {[%clk 00:21:24]} {[%emt 00:00:52]}
48. Nxe5 {[%clk 00:22:17]} {[%emt 00:03:14]} Rxg2 {[%clk 00:20:51]} {[%emt
00:01:03]} 49. Kc4 {[%clk 00:21:51]} {[%emt 00:00:56]} Kh4 {[%clk 00:20:18]}
{[%emt 00:01:02]} 50. Kd3 {[%clk 00:21:36]} {[%emt 00:00:46]} Kg3 {[%clk
00:19:46]} {[%emt 00:01:01]} 51. Ke4 {[%clk 00:21:42]} {[%emt 00:00:25]} Ra2
{[%clk 00:19:37]} {[%emt 00:00:38]} 52. Rd8 {[%clk 00:21:17]} {[%emt 00:00:55]}
Ra4+ {[%clk 00:19:42]} {[%emt 00:00:25]} 53. Kf5 {[%clk 00:21:35]} {[%emt
00:00:12]} Kf2 {[%clk 00:16:51]} {[%emt 00:03:21]} 54. Kg4 {[%clk 00:21:48]}
{[%emt 00:00:17]} Ke3 {[%clk 00:15:46]} {[%emt 00:01:34]} 55. Rd3+ {[%clk
00:21:23]} {[%emt 00:00:55]} Ke2 {[%clk 00:15:11]} {[%emt 00:01:04]} 56. Rb3
{[%clk 00:21:43]} {[%emt 00:00:10]} 1-0

[Event "Chess Masters Gent 2023"]
[Site "Ghent, Belgium"]
[Date "2023.07.17"]
[Round "7.2"]
[White "Pijpers, Arthur"]
[Black "Dgebuadze, Alexandre"]
[Result "1/2-1/2"]
[TimeControl "90'/40 + 30' + 30\"/M"]
[WhiteTitle "IM"]
[BlackTitle "GM"]
[WhiteFideId "1019554"]
[WhiteElo "2465"]
[BlackElo "2443"]

1. e4 {[%clk 01:30:57]} {[%emt 00:00:03]} c6 {[%clk 01:30:49]} {[%emt
00:00:12]} 2. d4 {[%clk 01:31:21]} {[%emt 00:00:06]} d5 {[%clk 01:31:12]}
{[%emt 00:00:06]} 3. e5 {[%clk 01:31:47]} {[%emt 00:00:04]} Bf5 {[%clk
01:31:38]} {[%emt 00:00:04]} 4. Nf3 {[%clk 01:32:13]} {[%emt 00:00:04]} e6
{[%clk 01:31:50]} {[%emt 00:00:18]} 5. Be2 {[%clk 01:32:37]} {[%emt 00:00:06]}
Ne7 {[%clk 01:31:37]} {[%emt 00:00:43]} 6. O-O {[%clk 01:32:02]} {[%emt
00:01:06]} Nd7 {[%clk 01:31:18]} {[%emt 00:00:49]} 7. Nbd2 {[%clk 01:32:11]}
{[%emt 00:00:21]} Ng6 {[%clk 01:25:25]} {[%emt 00:06:23]} 8. Nb3 {[%clk
01:21:53]} {[%emt 00:10:49]} h5 {[%clk 01:15:41]} {[%emt 00:10:13]} 9. a4
{[%clk 01:18:15]} {[%emt 00:04:09]} h4 {[%clk 01:09:37]} {[%emt 00:06:33]} 10.
a5 {[%clk 01:07:54]} {[%emt 00:10:52]} a6 {[%clk 01:06:41]} {[%emt 00:03:26]}
11. h3 {[%clk 01:02:59]} {[%emt 00:05:24]} Qc7 {[%clk 01:05:29]} {[%emt
00:01:42]} 12. c4 {[%clk 01:00:56]} {[%emt 00:02:34]} dxc4 {[%clk 00:54:21]}
{[%emt 00:11:38]} 13. Bxc4 {[%clk 00:59:36]} {[%emt 00:01:50]} c5 {[%clk
00:51:47]} {[%emt 00:03:05]} 14. Be3 {[%clk 00:46:18]} {[%emt 00:13:48]} Be7
{[%clk 00:35:34]} {[%emt 00:16:43]} 15. Rc1 {[%clk 00:46:42]} {[%emt 00:00:06]}
O-O {[%clk 00:35:52]} {[%emt 00:00:11]} 16. Bg5 {[%clk 00:40:34]} {[%emt
00:06:38]} Qd8 {[%clk 00:31:20]} {[%emt 00:05:03]} 17. Bxe7 {[%clk 00:39:28]}
{[%emt 00:01:36]} Qxe7 {[%clk 00:31:44]} {[%emt 00:00:06]} 18. Nxc5 {[%clk
00:39:30]} {[%emt 00:00:28]} Nxc5 {[%clk 00:23:03]} {[%emt 00:09:11]} 19. dxc5
{[%clk 00:39:55]} {[%emt 00:00:05]} Rfd8 {[%clk 00:11:43]} {[%emt 00:11:51]} 20.
Qe1 {[%clk 00:37:14]} {[%emt 00:03:11]} Bd3 {[%clk 00:08:46]} {[%emt 00:03:26]}
21. Bxd3 {[%clk 00:37:32]} {[%emt 00:00:12]} Rxd3 {[%emt 00:05:15]} 22. Qe4
{[%clk 00:32:57]} Rad8 {[%clk 00:08:06]} {[%emt 00:01:31]} 23. b4 {[%clk
00:28:41]} {[%emt 00:04:46]} Qc7 {[%clk 00:05:27]} {[%emt 00:03:08]} 24. Rc4
{[%clk 00:18:14]} {[%emt 00:10:58]} R8d5 {[%clk 00:05:35]} {[%emt 00:00:21]} 25.
Re1 {[%clk 00:09:17]} {[%emt 00:09:27]} Rd1 {[%clk 00:05:55]} {[%emt 00:00:11]}
26. Rxd1 {[%clk 00:09:28]} {[%emt 00:00:19]} Rxd1+ {[%clk 00:06:17]} 27. Kh2
{[%clk 00:09:57]} {[%emt 00:00:09]} Rd5 {[%clk 00:05:46]} {[%emt 00:01:01]} 28.
Rd4 {[%clk 00:09:36]} {[%emt 00:00:52]} Nxe5 {[%clk 00:01:49]} {[%emt
00:04:26]} 29. Nxe5 {[%clk 00:10:03]} {[%emt 00:00:03]} Rxe5 {[%clk 00:02:13]}
{[%emt 00:00:06]} 30. Rd8+ {[%clk 00:05:00]} {[%emt 00:05:34]} Qxd8 {[%clk
00:02:37]} {[%emt 00:00:05]} 31. Qxe5 {[%clk 00:05:29]} {[%emt 00:00:01]} Qd2
{[%clk 00:02:59]} {[%emt 00:00:08]} 32. b5 {[%clk 00:02:26]} {[%emt 00:03:33]}
axb5 {[%clk 00:02:08]} {[%emt 00:01:21]} 33. a6 {[%clk 00:02:55]} bxa6 {[%clk
00:02:02]} {[%emt 00:00:36]} 34. c6 {[%clk 00:03:25]} f6 {[%clk 00:01:47]}
{[%emt 00:00:45]} 35. Qc5 {[%clk 00:02:28]} {[%emt 00:01:27]} Qf4+ {[%clk
00:02:00]} {[%emt 00:00:16]} 36. g3 {[%clk 00:00:35]} {[%emt 00:02:24]} hxg3+
{[%clk 00:01:56]} {[%emt 00:00:34]} 37. fxg3 {[%clk 00:01:04]} {[%emt
00:00:01]} Qc7 {[%clk 00:02:19]} {[%emt 00:00:06]} 38. h4 {[%clk 00:01:07]}
{[%emt 00:00:28]} Kf7 {[%clk 00:02:25]} {[%emt 00:00:23]} 1/2-1/2

[Event "Chess Masters Gent 2023"]
[Site "Ghent, Belgium"]
[Date "2023.07.17"]
[Round "7.3"]
[White "Fernandez, Daniel H."]
[Black "Maerevoet, Sim"]
[Result "1-0"]
[TimeControl "90'/40 + 30' + 30\"/M"]
[WhiteTitle "GM"]
[BlackTitle "FM"]
[WhiteFideId "5801605"]
[BlackFideId "241725"]
[WhiteElo "2518"]
[BlackElo "2414"]

1. c4 {[%clk 01:30:57]} {[%emt 00:00:02]} e6 {[%clk 01:30:33]} {[%emt
00:00:27]} 2. g3 {[%clk 01:31:24]} {[%emt 00:00:03]} d5 {[%clk 01:30:58]}
{[%emt 00:00:06]} 3. Bg2 {[%clk 01:31:48]} {[%emt 00:00:05]} Nf6 {[%clk
01:31:13]} {[%emt 00:00:14]} 4. Nf3 {[%clk 01:26:42]} {[%emt 00:05:36]} Be7
{[%clk 01:30:54]} {[%emt 00:00:50]} 5. O-O {[%clk 01:25:22]} {[%emt 00:01:50]}
O-O {[%clk 01:31:16]} {[%emt 00:00:08]} 6. b3 {[%clk 01:25:49]} {[%emt
00:00:03]} d4 {[%clk 01:30:56]} {[%emt 00:00:49]} 7. d3 {[%clk 01:25:30]}
{[%emt 00:00:50]} c5 {[%clk 01:31:05]} {[%emt 00:00:21]} 8. e4 {[%clk
01:25:43]} {[%emt 00:00:17]} Nc6 {[%clk 01:30:28]} {[%emt 00:01:07]} 9. e5
{[%clk 01:20:39]} {[%emt 00:05:34]} Nd7 {[%clk 01:27:30]} {[%emt 00:03:27]} 10.
Qe2 {[%clk 01:17:27]} {[%emt 00:03:42]} Kh8 {[%clk 01:18:49]} {[%emt 00:09:12]}
11. h4 {[%clk 01:17:13]} {[%emt 00:00:43]} h6 {[%clk 01:12:43]} {[%emt
00:06:36]} 12. Nbd2 {[%clk 01:13:52]} {[%emt 00:03:51]} f6 {[%clk 01:11:52]}
{[%emt 00:01:20]} 13. exf6 {[%clk 01:13:35]} {[%emt 00:00:47]} Nxf6 {[%clk
01:12:15]} {[%emt 00:00:07]} 14. Ne4 {[%clk 01:07:47]} {[%emt 00:06:18]} e5
{[%clk 01:09:18]} {[%emt 00:03:27]} 15. Nxf6 {[%clk 01:08:07]} {[%emt
00:00:10]} Bxf6 {[%clk 01:09:38]} {[%emt 00:00:10]} 16. Ng5 {[%clk 01:03:56]}
{[%emt 00:04:40]} Bf5 {[%clk 01:07:27]} {[%emt 00:02:41]} 17. Be4 {[%clk
00:58:33]} {[%emt 00:05:53]} Qd7 {[%clk 01:01:42]} {[%emt 00:06:16]} 18. Bxf5
{[%clk 00:58:43]} {[%emt 00:00:20]} Qxf5 {[%clk 01:02:05]} {[%emt 00:00:07]} 19.
Ne4 {[%clk 00:58:41]} {[%emt 00:00:33]} Be7 {[%clk 00:57:05]} {[%emt 00:05:30]}
20. Kg2 {[%clk 00:57:55]} {[%emt 00:01:16]} h5 {[%clk 00:56:13]} {[%emt
00:01:22]} 21. Bg5 {[%clk 00:58:08]} {[%emt 00:00:17]} Qg6 {[%clk 00:32:37]}
{[%emt 00:24:06]} 22. Bxe7 {[%clk 00:50:12]} {[%emt 00:08:27]} Nxe7 {[%clk
00:33:02]} {[%emt 00:00:05]} 23. Nxc5 {[%clk 00:50:34]} {[%emt 00:00:08]} Rf5
{[%clk 00:29:35]} {[%emt 00:03:56]} 24. Ne4 {[%clk 00:49:39]} {[%emt 00:01:24]}
Ng8 {[%clk 00:27:37]} {[%emt 00:02:29]} 25. Ng5 {[%clk 00:48:22]} {[%emt
00:01:47]} Nh6 {[%clk 00:27:08]} {[%emt 00:00:59]} 26. Qe4 {[%clk 00:47:56]}
{[%emt 00:00:56]} Ng4 {[%clk 00:26:20]} {[%emt 00:01:18]} 27. a3 {[%clk
00:41:27]} {[%emt 00:06:59]} Raf8 {[%clk 00:26:27]} {[%emt 00:00:22]} 28. Ra2
{[%clk 00:41:54]} {[%emt 00:00:03]} Qf6 {[%clk 00:23:55]} {[%emt 00:03:01]} 29.
b4 {[%clk 00:36:38]} {[%emt 00:05:47]} b6 {[%clk 00:23:04]} {[%emt 00:01:21]}
30. c5 {[%clk 00:36:32]} {[%emt 00:00:36]} g6 {[%clk 00:07:06]} {[%emt
00:16:28]} 31. Qb7 {[%clk 00:36:17]} {[%emt 00:00:45]} Rxg5 {[%clk 00:07:15]}
{[%emt 00:00:21]} 32. hxg5 {[%clk 00:36:44]} {[%emt 00:00:03]} Ne3+ {[%clk
00:07:08]} {[%emt 00:00:37]} 33. Kg1 {[%clk 00:35:30]} {[%emt 00:01:44]} Qe6
{[%clk 00:07:32]} {[%emt 00:00:06]} 34. fxe3 {[%clk 00:34:29]} {[%emt
00:01:31]} Rxf1+ {[%clk 00:07:55]} {[%emt 00:00:07]} 35. Kxf1 {[%clk 00:34:53]}
{[%emt 00:00:05]} Qxa2 {[%clk 00:08:18]} {[%emt 00:00:07]} 36. Qb8+ {[%clk
00:34:03]} {[%emt 00:01:21]} Kh7 {[%clk 00:08:37]} {[%emt 00:00:10]} 37. Qxa7+
{[%clk 00:33:29]} {[%emt 00:01:04]} Kg8 {[%clk 00:08:51]} {[%emt 00:00:16]} 38.
Qa8+ {[%clk 00:33:51]} {[%emt 00:00:08]} Kh7 {[%clk 00:06:37]} {[%emt
00:02:44]} 39. Qb7+ {[%clk 00:33:00]} {[%emt 00:01:21]} Kh8 {[%clk 00:05:56]}
{[%emt 00:01:11]} 40. Qb8+ {[%clk 00:32:51]} {[%emt 00:00:39]} Kh7 {[%clk
00:06:20]} {[%emt 00:00:06]} 41. Qc7+ {[%clk 00:33:13]} {[%emt 00:00:08]} Kg8
{[%clk 00:06:46]} {[%emt 00:00:04]} 42. cxb6 {[%clk 00:29:22]} {[%emt
00:04:21]} Qb1+ {[%clk 00:05:24]} {[%emt 00:01:52]} 43. Kg2 {[%clk 00:29:49]}
{[%emt 00:00:03]} Qxd3 {[%clk 00:28:53]} {[%emt 00:07:02]} 44. Qd8+ {[%clk
00:59:08]} {[%emt 00:01:11]} Kg7 {[%clk 00:24:30]} {[%emt 00:04:54]} 45. Qf6+
{[%clk 00:59:32]} {[%emt 00:00:05]} Kg8 {[%clk 00:24:55]} {[%emt 00:00:05]} 46.
exd4 {[%clk 00:58:00]} {[%emt 00:02:02]} Qe4+ {[%clk 00:22:10]} {[%emt
00:03:15]} 47. Qf3 {[%clk 00:58:25]} {[%emt 00:00:04]} Qc2+ {[%clk 00:22:34]}
{[%emt 00:00:06]} 48. Kh3 {[%clk 00:58:02]} {[%emt 00:00:52]} e4 {[%emt
00:04:44]} 49. Qg2 {[%clk 00:55:17]} Qc6 {[%clk 00:20:36]} {[%emt 00:01:30]} 50.
a4 {[%clk 00:55:12]} {[%emt 00:00:35]} Qd7+ {[%clk 00:19:58]} {[%emt 00:01:08]}
51. Kh2 {[%clk 00:55:17]} {[%emt 00:00:23]} Qxd4 {[%clk 00:20:11]} {[%emt
00:00:18]} 52. a5 {[%clk 00:55:19]} {[%emt 00:00:29]} Qxb4 {[%clk 00:18:14]}
{[%emt 00:02:27]} 53. a6 {[%clk 00:55:35]} {[%emt 00:00:14]} 1-0